Kraje z największą liczbą lwów - Statystyki

Ogólne statystyki
  • Ten quiz został rozwiązany 102 razy
  • Średni wynik to 8 z 10
Statystyki odpowiedzi
Populacja Kraj % Poprawnych
3284 Republika Południowej Afryki
100%
2515 Kenia
88%
14500 Tanzania
82%
1362 Zimbabwe
82%
2349 Zambia
80%
1239 Etiopia
78%
801 Namibia
76%
3063 Botswana
74%
678 Mozambik
71%
866 Sudan Południowy
57%
Nie znaleziono quizów pasujących do podanych kryteriów
Rozkład punktacji
Procent ludzi z każdym wynikiem
Percentyl według liczby udzielonych odpowiedzi
Twoja historia wyników
Nie rozwiązałeś tego quizu